<?xml version="1.0" encoding="UTF-8"?>
<record
    xmlns:xsi="http://www.w3.org/2001/XMLSchema-instance"
    xsi:schemaLocation="http://www.loc.gov/MARC21/slim http://www.loc.gov/standards/marcxml/schema/MARC21slim.xsd"
    xmlns="http://www.loc.gov/MARC21/slim">

  <leader>01153nam0a2200337   4500</leader>
  <controlfield tag="001">RU\NLR\bibl\1741632</controlfield>
  <controlfield tag="005">20250616113107.0</controlfield>
  <datafield tag="010" ind1=" " ind2=" ">
    <subfield code="a">978-5-486-03238-7</subfield>
    <subfield code="9">7000</subfield>
  </datafield>
  <datafield tag="021" ind1=" " ind2=" ">
    <subfield code="a">RU</subfield>
    <subfield code="b">2011-8405</subfield>
    <subfield code="9">595</subfield>
  </datafield>
  <datafield tag="035" ind1=" " ind2=" ">
    <subfield code="a">(NLR Aleph) 001732542</subfield>
  </datafield>
  <datafield tag="090" ind1=" " ind2=" ">
    <subfield code="a">1408705</subfield>
    <subfield code="c">1408705</subfield>
  </datafield>
  <datafield tag="100" ind1=" " ind2=" ">
    <subfield code="a">20110302d2010    |||y0rusy50      ca</subfield>
  </datafield>
  <datafield tag="101" ind1="1" ind2=" ">
    <subfield code="a">rus</subfield>
    <subfield code="c">fre</subfield>
  </datafield>
  <datafield tag="102" ind1=" " ind2=" ">
    <subfield code="a">RU</subfield>
  </datafield>
  <datafield tag="105" ind1=" " ind2=" ">
    <subfield code="a">a   |||||||||</subfield>
  </datafield>
  <datafield tag="200" ind1="1" ind2=" ">
    <subfield code="a">&#x412;&#x44F;&#x436;&#x435;&#x43C; &#x434;&#x43B;&#x44F; &#x43C;&#x430;&#x43B;&#x44B;&#x448;&#x435;&#x439;</subfield>
    <subfield code="d">Tricot b&#xE9;b&#xE9;</subfield>
    <subfield code="e">&#x43A;&#x43E;&#x444;&#x442;&#x43E;&#x447;&#x43A;&#x438;, &#x448;&#x430;&#x43F;&#x43E;&#x447;&#x43A;&#x438;, &#x43F;&#x438;&#x43D;&#x435;&#x442;&#x43A;&#x438;, &#x438;&#x433;&#x440;&#x443;&#x448;&#x43A;&#x438;</subfield>
    <subfield code="f">&#x428;. &#x420;&#x438;&#x43E;&#x43D;</subfield>
    <subfield code="g">[&#x43F;&#x435;&#x440;. &#x441; &#x444;&#x440;. &#x418;.&#x42E;. &#x41D;&#x430;&#x443;&#x43C;&#x43E;&#x432;&#x43E;&#x439;]</subfield>
    <subfield code="z">fre</subfield>
  </datafield>
  <datafield tag="210" ind1=" " ind2=" ">
    <subfield code="a">&#x41C;&#x43E;&#x441;&#x43A;&#x432;&#x430;</subfield>
    <subfield code="c">&#x41C;&#x438;&#x440; &#x43A;&#x43D;&#x438;&#x433;&#x438;</subfield>
    <subfield code="d">2010</subfield>
  </datafield>
  <datafield tag="215" ind1=" " ind2=" ">
    <subfield code="a">95 &#x441;.</subfield>
    <subfield code="c">&#x438;&#x43B;., &#x446;&#x432;. &#x438;&#x43B;.</subfield>
    <subfield code="d">21</subfield>
  </datafield>
  <datafield tag="510" ind1="0" ind2=" ">
    <subfield code="a">Tricot b&#xE9;b&#xE9;</subfield>
    <subfield code="z">fre</subfield>
  </datafield>
  <datafield tag="606" ind1="1" ind2=" ">
    <subfield code="a">&#x414;&#x435;&#x442;&#x441;&#x43A;&#x430;&#x44F; &#x43E;&#x434;&#x435;&#x436;&#x434;&#x430;</subfield>
    <subfield code="x">&#x412;&#x44F;&#x437;&#x430;&#x43D;&#x438;&#x435; &#x440;&#x443;&#x447;&#x43D;&#x43E;&#x435;</subfield>
    <subfield code="9">2160773</subfield>
    <subfield code="3">RU\NLR\auth\661300410</subfield>
  </datafield>
  <datafield tag="606" ind1="1" ind2=" ">
    <subfield code="a">&#x418;&#x433;&#x440;&#x443;&#x448;&#x43A;&#x438; &#x432;&#x44F;&#x437;&#x430;&#x43D;&#x44B;&#x435;</subfield>
    <subfield code="9">2210595</subfield>
    <subfield code="3">RU\NLR\auth\661327943</subfield>
  </datafield>
  <datafield tag="686" ind1=" " ind2=" ">
    <subfield code="a">&#x41C;743</subfield>
  </datafield>
  <datafield tag="686" ind1=" " ind2=" ">
    <subfield code="a">&#x41C;483</subfield>
  </datafield>
  <datafield tag="700" ind1=" " ind2="1">
    <subfield code="a">&#x420;&#x438;&#x43E;&#x43D;</subfield>
    <subfield code="b">&#x428;.</subfield>
    <subfield code="g">&#x428;&#x430;&#x440;&#x43B;&#x43E;&#x442;&#x442;&#x430;</subfield>
    <subfield code="4">070</subfield>
  </datafield>
  <datafield tag="801" ind1=" " ind2="0">
    <subfield code="a">RU</subfield>
    <subfield code="b">NLR</subfield>
    <subfield code="c">20110302</subfield>
    <subfield code="g">RCR</subfield>
  </datafield>
  <datafield tag="801" ind1=" " ind2="1">
    <subfield code="a">RU</subfield>
    <subfield code="b">NLR</subfield>
    <subfield code="c">20110302</subfield>
  </datafield>
  <datafield tag="942" ind1=" " ind2=" ">
    <subfield code="c">BOOK</subfield>
  </datafield>
  <datafield tag="980" ind1=" " ind2=" ">
    <subfield code="a">NB</subfield>
  </datafield>
  <datafield tag="980" ind1=" " ind2=" ">
    <subfield code="a">NBR</subfield>
  </datafield>
  <datafield tag="995" ind1=" " ind2=" ">
    <subfield code="5">2011-03-02</subfield>
    <subfield code="a">ad</subfield>
    <subfield code="b">NLR01</subfield>
    <subfield code="c">NLR01</subfield>
    <subfield code="e">RF8</subfield>
    <subfield code="f">3366579</subfield>
    <subfield code="k">2011-4/1731</subfield>
    <subfield code="o">0</subfield>
    <subfield code="r">BOOK</subfield>
    <subfield code="s">201141731_</subfield>
  </datafield>
  <datafield tag="995" ind1=" " ind2=" ">
    <subfield code="5">2011-03-02</subfield>
    <subfield code="a">ad</subfield>
    <subfield code="b">NLR01</subfield>
    <subfield code="c">NLR01</subfield>
    <subfield code="e">OBM</subfield>
    <subfield code="f">3366580</subfield>
    <subfield code="o">0</subfield>
    <subfield code="r">BOOK</subfield>
  </datafield>
</record>
